Minecraft Loot: Village Shepherd - Statistics

General Stats
  • This quiz has been taken 6 times
  • The average score is 7 of 8
Answer Stats
Pool Item Stack Size Weight % Correct
1(1-5) Black Wool 1-3 13%
100%
1(1-5) Brown Wool 1-3 8.7%
100%
1(1-5) Emerald 1 4.3%
100%
1(1-5) Gray Wool 1-3 8.7%
100%
1(1-5) Light Gray Wool 1-3 8.7%
100%
1(1-5) Shears 1 4.3%
100%
1(1-5) White Wool 1-8 26%
100%
1(1-5) Wheat 1-6 26%
40%
No matching quizzes found
Score Distribution
Percent of People with Each Score
Percentile by Number Answered
Your Score History
You have not taken this quiz